| 000 | 00866nam a22002537a 4500 | ||
|---|---|---|---|
| 005 | 20170123162340.0 | ||
| 010 | _a886336 | ||
| 020 | _c12.00 | ||
| 035 | _a886336 | ||
| 037 | _bCen Lib/Ret | ||
| 040 |
_aDPL _bUR |
||
| 082 |
_a844.08 _b م ح م |
||
| 100 |
_aمحمّد حسن _9126759 |
||
| 245 |
_aعرض ہنر: _cمحمّد حسن _bتنقیدی مضامین / |
||
| 246 |
_aArz-e-hunar : tanqeedi mazameen / _bby Mohammad Hasan |
||
| 260 |
_aلکھنؤ _bنصرت پبلیکیشنز _c1977 |
||
| 270 |
_bلکھنؤ _aکپور مارکیٹ وکٹوریہ سٹریٹ |
||
| 300 |
_a240p. _c17cm(Hb) |
||
| 650 |
_a ادب - اردو _9126760 |
||
| 650 |
_a اردو تنقیدی مضامین _9114356 |
||
| 650 |
_aLiterature -- Urdu _9126761 |
||
| 650 |
_aUrdu critical articles _9114358 |
||
| 942 |
_2ddc _cUR _h844.08 _m م ح م |
||
| 999 |
_c108462 _d108462 |
||